000
00298nam a2200121Ia 4500
008
190216s9999||||xx |||||||||||||| ||und||
100
_a
Anton Howard
245
0
_a
Calculus With Anlytic Geometry
260
_b
John Wiley & Sons
_c
1988
300
_a
i-8
650
_a
Mathematics
942
_c
BK
999
_c
30951
_d
30951